[Event "FIN-chT1B 0506"]
[Site "Finland"]
[Date "2006.02.11"]
[Round "6.1"]
[White "Nieminen, Kari"]
[Black "Vooremaa, Andres M"]
[Result "1/2-1/2"]
[WhiteElo "2173"]
[BlackElo "2253"]
[PlyCount "66"]
[EventDate "2005.09.17"]
[EventType "team-tourn"]
[EventRounds "7"]
[EventCountry "FIN"]
[SourceTitle "EXT 2022"]
[Source "ChessBase"]
[SourceDate "2021.10.06"]
[SourceVersion "1"]
[SourceVersionDate "2021.10.06"]
[SourceQuality "1"]
[WhiteTeam "Espoo MatSK II"]
[BlackTeam "Karhula TS"]
[WhiteTeamCountry "FIN"]
[BlackTeamCountry "FIN"]

1. e4 c5 2. Nc3 Nc6 3. Nf3 e6 4. d4 cxd4 5. Nxd4 Qc7 6. Be3 a6 7. Be2 Nf6 8. 0-0 Be7 9. f4 d6 10. Kh1 0-0 11. a4 Bd7 12. Nb3 Na5 13. e5 dxe5 14. fxe5 Nd5 15. Nxd5 exd5 16. Nxa5 Qxa5 17. c3 Be6 18. Bd3 Qc7 19. Bd4 Rfe8 20. a5 Bf8 21. Qf3 g6 22. b4 Bg7 23. Rae1 Rac8 24. Qg3 Qe7 25. h3 Rc7 26. Re3 Rec8 27. Bc2 Rc4 28. Bb3 Rxd4 29. cxd4 Qxb4 30. Qh4 Qxa5 31. Qe7 Qc7 32. Qb4 Bf8 33. Qa4 Qc6 1/2-1/2

[Event "EST-chT 20th"]
[Site "Tallinn "]
[Date "2005.03.20"]
[Round "5"]
[White "Vooremaa, Andres M"]
[Black "Karjakin, Sergei"]
[Result "0-1"]
[WhiteElo "2255"]
[BlackElo "2182"]
[PlyCount "78"]
[EventDate "2005.03.17"]
[EventType "team-tourn"]
[EventRounds "7"]
[EventCountry "EST"]
[SourceTitle "EXT 2016"]
[Source "ChessBase"]
[SourceDate "2015.10.08"]
[SourceVersion "1"]
[SourceVersionDate "2015.10.08"]
[SourceQuality "1"]

1. d4 Nf6 2. c4 g6 3. Nc3 Bg7 4. e4 d6 5. f3 0-0 6. Be3 e5 7. Nge2 c6 8. d5 cxd5 9. cxd5 Nbd7 10. Qd2 a6 11. a4 Nh5 12. g4 Nf4 13. Nxf4 exf4 14. Bxf4 Ne5 15. Be2 Bd7 16. 0-0 f5 17. gxf5 gxf5 18. Kh1 Qh4 19. Bg3 Qh3 20. f4 Ng4 21. Bf3 Rf6 22. e5 Rh6 23. Kg1 dxe5 24. Bxg4 Qxg4 25. fxe5 Rg6 26. Kh1 Re8 27. Rae1 Qh3 28. Qf2 f4 29. Bxf4 Rf8 30. Rg1 Bg4 31. Rg3 Qh5 32. Qd2 Bf3+ 33. Kg1 Rxg3+ 34. Bxg3 Bh6 35. Qc2 Bf4 36. Ne2 Be3+ 37. Bf2 Qh3 38. Nf4 Rxf4 39. Qc8+ Qxc8 0-1

[Event "FIN-chT1B 0304"]
[Site "Finland"]
[Date "2003.11.16"]
[Round "4.1"]
[White "Vooremaa, Andres M"]
[Black "Vakeva, Jani"]
[Result "1/2-1/2"]
[WhiteElo "2278"]
[BlackElo "2140"]
[PlyCount "66"]
[EventDate "2003.09.??"]
[EventType "team-tourn"]
[EventRounds "7"]
[EventCountry "FIN"]
[SourceTitle "EXT 2022"]
[Source "ChessBase"]
[SourceDate "2021.10.06"]
[SourceVersion "1"]
[SourceVersionDate "2021.10.06"]
[SourceQuality "1"]
[WhiteTeam "Karhula TS"]
[BlackTeam "Kuusankoski POKS"]
[WhiteTeamCountry "FIN"]
[BlackTeamCountry "FIN"]

1. d4 Nf6 2. c4 g6 3. Nc3 Bg7 4. e4 d6 5. f3 0-0 6. Be3 Nc6 7. Qd2 a6 8. Nge2 Rb8 9. Rb1 e5 10. d5 Na5 11. Nc1 c5 12. Be2 b6 13. b4 Nb7 14. Nd3 Bd7 15. 0-0 Nh5 16. Rfc1 f5 17. Bf1 Nf6 18. Rb2 fxe4 19. Nxe4 Bf5 20. Ndf2 cxb4 21. Rxb4 Nc5 22. Bd3 Qc7 23. Rcb1 Rfc8 24. Nxc5 bxc5 25. R4b3 Rxb3 26. Rxb3 Rb8 27. Ne4 Bxe4 28. Bxe4 Rxb3 29. axb3 Qb6 30. Qa2 Nxe4 31. fxe4 h5 32. Kf1 Kh7 33. Qa4 Qb7 1/2-1/2

[Event "EST-ch"]
[Site "Tallinn"]
[Date "2003.05.19"]
[Round "3.1"]
[White "Kulaots, Kaido"]
[Black "Vooremaa, Andres M"]
[Result "1/2-1/2"]
[WhiteElo "2514"]
[BlackElo "2284"]
[PlyCount "64"]
[EventDate "2003.05.17"]
[EventType "k.o."]
[EventRounds "6"]
[EventCountry "EST"]
[SourceTitle "CBM 094 Extra"]
[Source "ChessBase"]
[SourceDate "2003.07.09"]
[SourceVersion "2"]
[SourceVersionDate "2003.07.09"]
[SourceQuality "1"]

1. e4 c5 2. Nf3 e6 3. d4 cxd4 4. Nxd4 a6 5. Be2 Nf6 6. Nc3 Qc7 7. 0-0 d6 8. Be3 b5 9. a4 b4 10. Na2 Nxe4 11. c3 b3 12. Nb4 Bb7 13. f4 Nd7 14. Qxb3 Nec5 15. Qa2 Nf6 16. f5 e5 17. Bc4 Rd8 18. Nd5 Nxd5 19. Bxd5 exd4 20. Bxd4 Bxd5 21. Qxd5 f6 22. b4 Qb7 23. Qa2 Nd7 24. Qe6+ Be7 25. Rad1 Rf8 26. a5 Rf7 27. Rfe1 Kf8 28. Re3 Kg8 29. Rh3 Nf8 30. Qe2 d5 31. Bb6 Rd7 32. Rhd3 Bd8 1/2-1/2

[Event "FIN-chT 0203"]
[Site "Finland"]
[Date "2002.10.19"]
[Round "2.1"]
[White "Vooremaa, Andres M"]
[Black "Sepp, Olav"]
[Result "0-1"]
[WhiteElo "2284"]
[BlackElo "2430"]
[PlyCount "106"]
[EventDate "2002.10.21"]
[EventType "team-tourn"]
[EventRounds "9"]
[EventCountry "FIN"]
[SourceTitle "EXT 2004"]
[Source "ChessBase"]
[SourceDate "2003.11.25"]
[SourceVersion "1"]
[SourceVersionDate "2003.11.25"]
[SourceQuality "1"]
[WhiteTeam "Karhula TS"]
[BlackTeam "Vantaa EtVaS"]
[WhiteTeamCountry "FIN"]
[BlackTeamCountry "FIN"]

1. d4 Nf6 2. c4 g6 3. Nc3 Bg7 4. e4 0-0 5. Be3 d6 6. f3 c5 7. Nge2 Nc6 8. d5 Ne5 9. Ng3 e6 10. Be2 exd5 11. cxd5 a6 12. a4 h5 13. 0-0 h4 14. Nh1 Nh7 15. Nf2 f5 16. Qd2 Qf6 17. exf5 gxf5 18. Nh3 Ng6 19. f4 Bd7 20. a5 Rfb8 21. Ra2 Re8 22. Bh5 Re7 23. Bf2 Nhf8 24. Raa1 Bh6 25. Bf3 Rae8 26. Rfe1 Qg7 27. Rxe7 Rxe7 28. Re1 Rxe1+ 29. Bxe1 Qd4+ 30. Qxd4 cxd4 31. Ne2 d3 32. Nc1 Bb5 33. g3 hxg3 34. hxg3 Bg7 35. Nf2 Bxb2 36. Ncxd3 Bd4 37. Kg2 Kf7 38. Bd2 Nd7 39. Nb4 Nf6 40. Nd1 Ne7 41. Nc3 Bc4 42. Nc2 Bxc3 43. Bxc3 Bxd5 44. Ne3 Bxf3+ 45. Kxf3 Nfd5 46. Be1 Nxe3 47. Kxe3 Ke6 48. Kd4 Nc8 49. Ke3 Kd5 50. Kf3 Ne7 51. Bc3 Kc4 52. Bf6 Nd5 53. Bd8 Kd3 0-1

[Event "EST-chT"]
[Site "Tallinn"]
[Date "2002.04.07"]
[Round "9"]
[White "Vooremaa, Andres M"]
[Black "Karner, Hillar"]
[Result "1/2-1/2"]
[WhiteElo "2303"]
[BlackElo "2293"]
[PlyCount "20"]
[EventDate "2002.03.08"]
[EventType "team-tourn"]
[EventRounds "10"]
[EventCountry "EST"]
[SourceTitle "CBM 087 Extra"]
[Source "ChessBase"]
[SourceDate "2002.05.03"]
[SourceVersion "2"]
[SourceVersionDate "2002.08.09"]
[SourceQuality "1"]

1. Nf3 Nf6 2. c4 e6 3. Nc3 d5 4. cxd5 exd5 5. d4 c6 6. Bg5 Be7 7. e3 Bf5 8. Bd3 Bxd3 9. Qxd3 Nbd7 10. 0-0 0-0 1/2-1/2

[Event "EST-chT"]
[Site "Parnu"]
[Date "2002.03.10"]
[Round "4"]
[White "Vooremaa, Andres M"]
[Black "Remmel, Anto"]
[Result "1/2-1/2"]
[WhiteElo "2303"]
[BlackElo "2245"]
[PlyCount "24"]
[EventDate "2002.03.08"]
[EventType "team-tourn"]
[EventRounds "10"]
[EventCountry "EST"]
[SourceTitle "CBM 087 Extra"]
[Source "ChessBase"]
[SourceDate "2002.05.03"]
[SourceVersion "2"]
[SourceVersionDate "2002.08.09"]
[SourceQuality "1"]

1. d4 Nf6 2. c4 e6 3. Nf3 d5 4. Nc3 Be7 5. cxd5 exd5 6. Bg5 c6 7. Qc2 g6 8. e3 Bf5 9. Bd3 Bxd3 10. Qxd3 Nbd7 11. 0-0 0-0 12. Nd2 Nh5 1/2-1/2

[Event "FIN-chT1B 0102"]
[Site "Finland"]
[Date "2002.??.??"]
[Round "5.1"]
[White "Pirttimaki, Timo"]
[Black "Vooremaa, Andres M"]
[Result "1/2-1/2"]
[WhiteElo "2251"]
[BlackElo "2306"]
[PlyCount "57"]
[EventDate "2001.10.??"]
[EventType "team-tourn"]
[EventRounds "7"]
[EventCountry "FIN"]
[SourceTitle "EXT 2022"]
[Source "ChessBase"]
[SourceDate "2021.10.06"]
[SourceVersion "1"]
[SourceVersionDate "2021.10.06"]
[SourceQuality "1"]
[WhiteTeam "Helsinki KS 58"]
[BlackTeam "Karhula TS"]
[WhiteTeamCountry "FIN"]
[BlackTeamCountry "FIN"]

1. e4 c5 2. Nf3 e6 3. d4 cxd4 4. Nxd4 a6 5. Be3 Nf6 6. Nc3 Qc7 7. Be2 d6 8. 0-0 b5 9. Bf3 Bb7 10. e5 dxe5 11. Ndxb5 axb5 12. Nxb5 Qc8 13. Bb6 Na6 14. c4 e4 15. Be2 Be7 16. a3 0-0 17. b4 e5 18. Qb3 Qe6 19. Ba5 Rfc8 20. Rfd1 Ne8 21. Rab1 Bc6 22. Nc3 Nc5 23. Qc2 Rxa5 24. bxa5 Bd8 25. a6 Nxa6 26. Nxe4 Be7 27. Nc3 Qg6 28. Qxg6 hxg6 29. Nd5 1/2-1/2

[Event "FIN-chT1B 0102"]
[Site "Finland"]
[Date "2001.10.??"]
[Round "3.1"]
[White "Vooremaa, Andres M"]
[Black "Loisa, Antti"]
[Result "1-0"]
[WhiteElo "2306"]
[BlackElo "2290"]
[PlyCount "47"]
[EventDate "2001.10.??"]
[EventType "team-tourn"]
[EventRounds "7"]
[EventCountry "FIN"]
[SourceTitle "EXT 2022"]
[Source "ChessBase"]
[SourceDate "2021.10.06"]
[SourceVersion "1"]
[SourceVersionDate "2021.10.06"]
[SourceQuality "1"]
[WhiteTeam "Karhula TS"]
[BlackTeam "Lappeenranta SK"]
[WhiteTeamCountry "FIN"]
[BlackTeamCountry "FIN"]

1. Nf3 Nf6 2. g3 g6 3. Bg2 Bg7 4. d3 0-0 5. 0-0 d5 6. Nbd2 Nc6 7. c3 a5 8. e4 dxe4 9. dxe4 a4 10. Qc2 Nd7 11. Rd1 Qe8 12. Nc4 Nd8 13. Be3 e5 14. b4 axb3 15. axb3 Rxa1 16. Rxa1 Ne6 17. Ra8 Qe7 18. Bc1 Re8 19. Ne3 Nb6 20. Ra5 Nf8 21. Ba3 Qd8 22. Nd5 Nbd7 23. Ra8 c6 24. Be7 1-0

[Event "FIN-chT 0001 qual"]
[Site "Finland"]
[Date "2001.04.07"]
[Round "1.1"]
[White "Vooremaa, Andres M"]
[Black "Taivainen, Jukka"]
[Result "1/2-1/2"]
[WhiteElo "2312"]
[BlackElo "2252"]
[PlyCount "131"]
[EventDate "2001.04.07"]
[EventType "team-match"]
[EventRounds "1"]
[EventCountry "FIN"]
[SourceTitle "EXT 2022"]
[Source "ChessBase"]
[SourceDate "2021.10.06"]
[SourceVersion "1"]
[SourceVersionDate "2021.10.06"]
[SourceQuality "1"]
[WhiteTeam "Karhula TS"]
[BlackTeam "Tampere Taraus II"]
[WhiteTeamCountry "FIN"]
[BlackTeamCountry "FIN"]

1. d4 d5 2. Nf3 c6 3. g3 Nf6 4. Bg2 Bf5 5. 0-0 e6 6. Nbd2 Be7 7. c4 0-0 8. Qb3 Qb6 9. c5 Qxb3 10. axb3 Bc2 11. Ne1 Bd1 12. Bf3 Ne4 13. Ra3 Ng5 14. Ng2 Nxf3+ 15. exf3 Be2 16. Re1 Bb5 17. Nb1 Bf6 18. Be3 e5 19. dxe5 Bxe5 20. Nc3 d4 21. Nxb5 dxe3 22. Rxe3 Bxb2 23. Ra2 cxb5 24. Rxb2 Nc6 25. b4 Rfd8 26. Re1 Rd4 27. Reb1 Rad8 28. Ne3 g6 29. Kf1 f5 30. f4 Re4 31. Ke2 Rdd4 32. f3 Re7 33. Rb3 Rdd7 34. Rd3 Kf7 35. Kd2 Nd4 36. Rf1 Ke6 37. Kc3 Nc6 38. Rxd7 Rxd7 39. Re1 Kf7 40. Nc2 Rd8 41. g4 Rd5 42. Ra1 a6 43. h4 fxg4 44. fxg4 h5 45. g5 Rf5 46. Rf1 a5 47. bxa5 Rxc5+ 48. Kd3 Nxa5 49. Rb1 Nc6 50. Na3 b4 51. Nc4 Rd5+ 52. Ke3 b5 53. Nd2 Rd8 54. Nb3 Ne7 55. Ke4 Nf5 56. Ra1 Re8+ 57. Kd5 Nxh4 58. Nc5 Nf5 59. Ra7+ Re7 60. Ra8 Ne3+ 61. Kd6 Nf5+ 62. Kd5 Ne3+ 63. Kc6 Kg7 64. Kd6 Nf5+ 65. Kd5 Ne3+ 66. Kd6 1/2-1/2

[Event "FIN-chT1B 0001"]
[Site "Finland"]
[Date "2001.??.??"]
[Round "6.1"]
[White "Hurme, Harri M"]
[Black "Vooremaa, Andres M"]
[Result "0-1"]
[WhiteElo "2210"]
[BlackElo "2304"]
[PlyCount "80"]
[EventDate "2000.11.??"]
[EventType "team-tourn"]
[EventRounds "7"]
[EventCountry "FIN"]
[SourceTitle "EXT 2022"]
[Source "ChessBase"]
[SourceDate "2021.10.06"]
[SourceVersion "1"]
[SourceVersionDate "2021.10.06"]
[SourceQuality "1"]
[WhiteTeam "Helsinki SSK"]
[BlackTeam "Karhula TS"]
[WhiteTeamCountry "FIN"]
[BlackTeamCountry "FIN"]

1. d4 Nf6 2. c4 e6 3. Nc3 d5 4. Bg5 Nbd7 5. e3 c6 6. Nf3 Be7 7. Rc1 0-0 8. Bd3 Re8 9. 0-0 Nf8 10. Ne5 N6d7 11. Bxe7 Qxe7 12. f4 dxc4 13. Bxc4 Nb6 14. Bb3 Bd7 15. Qe2 Red8 16. Ne4 Be8 17. f5 f6 18. Ng4 Kh8 19. Ng3 Bd7 20. Qf3 exf5 21. Nxf5 Bxf5 22. Qxf5 Nc8 23. Rf3 Nd6 24. Qh5 Ne4 25. Bc2 Ng5 26. Rff1 Rd5 27. Qh4 f5 28. Kh1 fxg4 29. Rce1 h6 30. Qxg4 Ngh7 31. Bb3 Nf6 32. Qe2 Rd6 33. Qc4 b5 34. Qc5 Ne4 35. Qh5 Rf6 36. Rf3 Nd2 37. Rxf6 Qxf6 38. Bc2 Nc4 39. Kg1 Nh7 40. Rf1 Qg5 0-1

[Event "FIN-chT1B 0001"]
[Site "Finland"]
[Date "2001.??.??"]
[Round "5.1"]
[White "Vooremaa, Andres M"]
[Black "Harjula, Mika"]
[Result "1/2-1/2"]
[WhiteElo "2304"]
[BlackElo "2198"]
[PlyCount "26"]
[EventDate "2000.11.??"]
[EventType "team-tourn"]
[EventRounds "7"]
[EventCountry "FIN"]
[SourceTitle "EXT 2022"]
[Source "ChessBase"]
[SourceDate "2021.10.06"]
[SourceVersion "1"]
[SourceVersionDate "2021.10.06"]
[SourceQuality "1"]
[WhiteTeam "Karhula TS"]
[BlackTeam "Lappeenranta SK"]
[WhiteTeamCountry "FIN"]
[BlackTeamCountry "FIN"]

1. d4 Nf6 2. c4 e6 3. Nf3 b6 4. g3 Bb7 5. Bg2 Be7 6. Nc3 Ne4 7. Bd2 f5 8. d5 Bf6 9. Rc1 Qe7 10. 0-0 0-0 11. Ne1 Nd6 12. b3 Na6 13. Nd3 c5 1/2-1/2

[Event "Keres Memorial op"]
[Site "Tallinn"]
[Date "2000.08.21"]
[Round "8"]
[White "Lelumees, Brait"]
[Black "Vooremaa, Andres M"]
[Result "1-0"]
[WhiteElo "2142"]
[BlackElo "2304"]
[PlyCount "51"]
[EventDate "2000.08.14"]
[EventType "swiss"]
[EventRounds "9"]
[EventCountry "EST"]
[SourceTitle "CBM 077 Extra"]
[Source "ChessBase"]
[SourceDate "2000.09.14"]
[SourceVersion "1"]
[SourceVersionDate "2000.09.14"]
[SourceQuality "1"]

1. e4 e6 2. d4 d5 3. e5 c5 4. c3 Qb6 5. Nf3 Bd7 6. Be2 Bb5 7. c4 Bxc4 8. Bxc4 dxc4 9. d5 exd5 10. Qxd5 Qc6 11. Qxc4 Nd7 12. 0-0 Nb6 13. Qg4 h5 14. Qh3 Ne7 15. Ng5 f6 16. exf6 gxf6 17. Ne6 Kf7 18. Re1 Re8 19. Nxf8 Rexf8 20. Nc3 Re8 21. b3 Ng6 22. Be3 h4 23. Rad1 Re7 24. a4 Rh5 25. Nb5 Nc8 26. Qxc8 1-0

[Event "Keres Memorial op"]
[Site "Tallinn"]
[Date "2000.08.19"]
[Round "6"]
[White "Timoshin, Juri"]
[Black "Vooremaa, Andres M"]
[Result "0-1"]
[WhiteElo "2170"]
[BlackElo "2304"]
[PlyCount "106"]
[EventDate "2000.08.14"]
[EventType "swiss"]
[EventRounds "9"]
[EventCountry "EST"]
[SourceTitle "CBM 077 Extra"]
[Source "ChessBase"]
[SourceDate "2000.09.14"]
[SourceVersion "1"]
[SourceVersionDate "2000.09.14"]
[SourceQuality "1"]

1. d4 Nf6 2. Nf3 d5 3. c4 e6 4. Nc3 Be7 5. Bg5 c6 6. e3 Nbd7 7. Bd3 0-0 8. 0-0 b6 9. cxd5 exd5 10. Bxf6 Nxf6 11. Ne5 Bb7 12. Rc1 c5 13. Be2 a6 14. a3 Qd6 15. Bf3 Rfd8 16. Qb3 b5 17. Rfe1 c4 18. Qc2 Qb6 19. g4 b4 20. axb4 Bxb4 21. Bg2 Ne8 22. g5 Rd6 23. Qf5 Qc7 24. Red1 g6 25. Qf4 f6 26. Ng4 f5 27. Ne5 Rad8 28. h4 Qe7 29. h5 Nc7 30. hxg6 hxg6 31. Qh4 Ba8 32. Ne2 Rb6 33. Nf4 Qg7 34. Bf3 Bf8 35. Kg2 Rdd6 36. Rc2 Bc6 37. Rh1 Be8 38. Be2 Bf7 39. Qg3 Ne6 40. Rh6 Nxf4+ 41. Qxf4 Re6 42. Qh4 Rxe5 43. dxe5 Qxe5 44. Qh2 Bg7 45. Qxe5 Bxe5 46. Rh1 Rxb2 47. Rhc1 a5 48. Rxb2 Bxb2 49. Rc2 c3 50. Bb5 d4 51. exd4 Bb3 52. Re2 c2 53. Bc4+ Kf8 0-1

[Event "Keres Memorial op"]
[Site "Tallinn"]
[Date "2000.08.15"]
[Round "2"]
[White "Segal, Naum"]
[Black "Vooremaa, Andres M"]
[Result "0-1"]
[WhiteElo "2177"]
[BlackElo "2304"]
[PlyCount "116"]
[EventDate "2000.08.14"]
[EventType "swiss"]
[EventRounds "9"]
[EventCountry "EST"]
[SourceTitle "CBM 077 Extra"]
[Source "ChessBase"]
[SourceDate "2000.09.14"]
[SourceVersion "1"]
[SourceVersionDate "2000.09.14"]
[SourceQuality "1"]

1. e4 c5 2. Nf3 Nc6 3. d4 cxd4 4. Nxd4 Nf6 5. Nc3 Qc7 6. Be2 e6 7. Be3 a6 8. a3 b5 9. 0-0 Bb7 10. Bf3 Be7 11. Nxc6 Bxc6 12. Qd4 Bd6 13. g3 Be5 14. Qd3 0-0 15. Bd4 d6 16. Bg2 Rfd8 17. Rad1 Rd7 18. Qe2 Rad8 19. h3 h6 20. Qe3 Qb7 21. Rd3 b4 22. axb4 Qxb4 23. Nd1 Bb5 24. Bxe5 dxe5 25. Rxd7 Rxd7 26. Re1 Rd2 27. Qc3 Qxc3 28. Nxc3 Rxc2 29. Rb1 Nd7 30. Nxb5 axb5 31. Rd1 Nc5 32. b4 Nb3 33. Rd8+ Kh7 34. Rd7 Kg6 35. Bf1 Nd4 36. Rb7 Rb2 37. Bxb5 Rxb4 38. Ba6 Ra4 39. Bf1 Nf3+ 40. Kg2 Ne1+ 41. Kg1 Rxe4 42. Rb3 Rd4 43. Re3 Rd1 44. Be2 Rc1 45. Kh2 Kf6 46. h4 g6 47. g4 Rc5 48. Bd1 Nc2 49. Re4 g5 50. hxg5+ hxg5 51. Ra4 Nd4 52. Ra7 e4 53. Ba4 Nf3+ 54. Kg3 Ne5 55. Bd1 Rc1 56. Be2 Rc2 57. Bd1 Rd2 58. Ba4 Rd3+ 0-1

[Event "Heart of Finland op 10th"]
[Site "Jyvaskyla"]
[Date "2000.07.21"]
[Round "6"]
[White "Vooremaa, Andres M"]
[Black "Linqvist, Grels"]
[Result "1/2-1/2"]
[WhiteElo "2304"]
[BlackElo "2129"]
[PlyCount "22"]
[EventDate "2000.07.19"]
[EventType "swiss"]
[EventRounds "9"]
[EventCountry "FIN"]
[SourceTitle "EXT 2001"]
[Source "ChessBase"]
[SourceDate "2000.11.22"]
[SourceVersion "1"]
[SourceVersionDate "2000.11.22"]
[SourceQuality "1"]

1. Nf3 Nf6 2. g3 d5 3. Bg2 g6 4. 0-0 Bg7 5. d3 0-0 6. Nbd2 c5 7. e4 Nc6 8. c3 e5 9. Re1 h6 10. Rb1 Re8 11. Qc2 a5 1/2-1/2

[Event "Keres Memorial"]
[Site "Tallinn"]
[Date "1999.01.10"]
[Round "6"]
[White "Vooremaa, Andres M"]
[Black "Seeman, Tarvo"]
[Result "1/2-1/2"]
[WhiteElo "2332"]
[BlackElo "2438"]
[PlyCount "74"]
[EventDate "1999.01.09"]
[EventType "tourn (rapid)"]
[EventRounds "7"]
[EventCountry "EST"]
[EventCategory "9"]
[SourceTitle "CBM 068 Extra"]
[Source "ChessBase"]
[SourceDate "1999.03.01"]
[SourceVersion "1"]
[SourceVersionDate "1999.03.01"]
[SourceQuality "1"]

1. d4 Nf6 2. c4 g6 3. Nc3 d6 4. e4 Bg7 5. f3 c6 6. Be3 a6 7. e5 Nfd7 8. f4 c5 9. exd6 exd6 10. Qd2 0-0 11. 0-0-0 Nc6 12. Nf3 Qa5 13. Kb1 b5 14. Nd5 b4 15. g4 Bb7 16. Bg2 Rfe8 17. Rhe1 Rab8 18. Bf2 Rxe1 19. Qxe1 Qa4 20. b3 Qa3 21. Rd2 a5 22. Qc1 a4 23. bxa4 Nxd4 24. Nxd4 cxd4 25. Qxa3 bxa3 26. Kc1 Bxd5 27. Bxd5 Nb6 28. Bxd4 Bxd4 29. Rxd4 Nxa4 30. Rd3 Rb4 31. Rxa3 Nb6 32. Ra6 Nxc4 33. Ra7 Ne3 34. Bxf7+ Kf8 35. Be6 Rxf4 36. Rxh7 Nxg4 37. Bxg4 Rxg4 1/2-1/2

[Event "Heart of Finland op 09th"]
[Site "Jyvaskyla"]
[Date "1999.??.??"]
[Round "?"]
[White "Kiik, Kalle"]
[Black "Vooremaa, Andres M"]
[Result "1-0"]
[WhiteElo "2438"]
[BlackElo "2332"]
[PlyCount "111"]
[EventDate "1999.07.??"]
[EventType "swiss"]
[EventRounds "9"]
[EventCountry "FIN"]
[SourceTitle "EXT 2001"]
[Source "ChessBase"]
[SourceDate "2000.11.22"]
[SourceVersion "1"]
[SourceVersionDate "2000.11.22"]
[SourceQuality "1"]

1. e4 c5 2. Nf3 Nc6 3. c3 d5 4. exd5 Qxd5 5. d4 cxd4 6. cxd4 e5 7. Nc3 Bb4 8. Be2 exd4 9. 0-0 Qd8 10. Nb5 Nge7 11. Nbxd4 0-0 12. Bg5 Nxd4 13. Qxd4 Qxd4 14. Nxd4 h6 15. Bf4 Nd5 16. Bg3 Be6 17. a3 Be7 18. Nxe6 fxe6 19. Bg4 Nf4 20. Rae1 Rf6 21. Bxf4 Rxf4 22. Bxe6+ Kf8 23. Re2 Rd8 24. Rfe1 Bf6 25. g3 Rfd4 26. h4 Rd2 27. b3 Rxe2 28. Rxe2 Bd4 29. h5 a5 30. a4 b6 31. Kg2 Ke7 32. Bc4+ Kf8 33. Bb5 Bc5 34. f4 Rd1 35. Kf3 Rf1+ 36. Kg4 Rd1 37. Bc4 Rd6 38. Kf5 Rf6+ 39. Ke4 Rd6 40. Kf3 Bd4 41. Bb5 Bc5 42. Re8+ Kf7 43. Rc8 Bd4 44. Rc7+ Kf8 45. Bc4 Bb2 46. Ke4 Ba1 47. Rb7 Bb2 48. Bf7 Bd4 49. g4 Bc5 50. g5 hxg5 51. fxg5 Rd2 52. Bc4 Bd4 53. Kf5 Rd1 54. Kg6 Rg1 55. Rf7+ Ke8 56. Bb5+ 1-0